Statistiques concernant Culture G commençant par T

Cliquez ici pour prendre le quiz!

Statistiques générales

  • Ce quiz a été pris 176 fois
    (36 depuis la dernière actualisation)
  • Le résultat moyen est 16 sur 30

Statistiques - réponses

QuestionRéponse% Correct
On le fait grâce à une aiguille et de l'encreTatouage
88%
Président en France, _ _ _ _ en RussieTsar
88%
Il attache le muscle à l'osTendon
85%
Œufs, sucre, mascarpone, génoise, boudoirs ou biscuit à la cuillère, café froid, cacao sont les ingrédients principaux de Ce dessertTiramisu
85%
Choquer son verre contre celui d'un autreTrinquer
82%
Il a sombré en 1912Titanic
79%
11eme pharaon, fils d'AkhenatonToutankhamon
79%
Ville la plus peuplée du CanadaToronto
76%
Album de Michael Jackson sorti en 1982Thriller
73%
Utile pour comprendre les autres languesTraduction
73%
Choc émotionnel très violentTraumatisme
73%
Nom de famille commun à Tina et Will de Pirates des CaraïbesTurner
73%
Plante aromatique en lettresThym
61%
Marque de moto qui sonne comme une victoireTriumph
58%
Sport pratiqué par Aymeric Gouyaud, Camille Frison et les frères LebrunTennis de Table
55%
Bruit du ciel ou ville du 89Tonnerre
55%
Modèle de voiture chez RenaultTwingo / Talisman / Twizy / Trafic / Twinrun / Trezor
55%
Pays asiatique abritant la porte de l'enferTurkménistan
52%
Autre nom du décapsuleurTire-bouchon
39%
Maladie génétique de Pascal DuquenneTrisomie
39%
Capitale du HondurasTegucigalpa
36%
Liste de photographies regroupant tous les membres d'une organisationTrombinoscope
36%
Légume appelé Artichaut de JerusalemTopinambour
30%
Scientifiquement, les rats peuvent détecter quelle maladie ?Tuberculose
30%
Symbole celteTriskel
27%
Elément du tableau périodique nommé WTungstène
27%
Lac d'Afrique ayant Bujumbura à proximitéTanganyika
12%
Peuple nomade originaire d'IndeTzigane
12%
Autiste Asperger qui as dit 22 514 décimales de pi à la suiteDaniel Tammet
0%
Colline néo-zélandaise ayant 85 lettres (dire les 7 premières)Taumata­whakatangihanga­koauau­o­tamatea­turi­pukaka­piki­maungah­oronuku­pokai­whenuaki­tanatahu
0%

Distribution des résultats

Percentile par nombre de réponses

% des personnes avec chaque résultat

Votre développement - résultats

Vous n’avez pas pris ce quiz depuis la dernière actualisation